[Event "World Blitz Women 2022"]
[Site "Almaty KAZ"]
[Date "2022.12.30"]
[Round "12.4"]
[White "Lagno, Kateryna"]
[Black "Harika, Dronavalli"]
[Result "1-0"]
[WhiteTitle "GM"]
[BlackTitle "GM"]
[WhiteElo "2563"]
[BlackElo "2507"]
[WhiteFideId "14109336"]
[BlackFideId "5015197"]
[EventDate "2022.12.29"]

1. e4 c5 2. Nf3 Nc6 3. Bb5 e5 4. O-O Bd6 5. c3 a6 6. Ba4 b5 7. Bb3 c4 8. Bc2
Nge7 9. d4 cxd3 10. Qxd3 Bc5 11. a4 b4 12. c4 d6 13. Nbd2 O-O 14. Nb3 Bg4 15.
Ne1 Be6 16. Qe2 Rc8 17. Bd3 Nd4 18. Nxd4 Bxd4 19. Nc2 Nc6 20. Be3 Bxe3 21. Nxe3
Nd4 22. Qd1 a5 23. b3 Qb6 24. Kh1 g6 25. Ra2 Rc7 26. Rd2 f6 27. Be2 Rd7 28. Rd3
Qc6 29. Nc2 Nxc2 30. Qxc2 Qxe4 31. Bf3 Qf5 32. Qe2 Rfd8 33. Rfd1 Qg5 34. g3 Kg7
35. Bc6 Rc7 36. Rxd6 Rxd6 37. Rxd6 Bg4 38. Bf3 Bxf3+ 39. Qxf3 Rf7 40. h4 Qc1+
41. Rd1 Qc2 42. Rd5 e4 43. Qe3 f5 44. h5 Qb1+ 45. Kg2 Qa1 46. h6+ Kg8 47. Qc5
Qf6 48. Qxa5 f4 49. Qd8+ Rf8 50. Qxf6 Rxf6 51. gxf4 Rxf4 52. a5 Rf3 53. a6 Rf7
54. Rd8+ 1-0

[Event "World Blitz Women 2022"]
[Site "Almaty KAZ"]
[Date "2022.12.30"]
[Round "12.5"]
[White "Dzagnidze, Nana"]
[Black "Badelka, Olga"]
[Result "1/2-1/2"]
[WhiteTitle "GM"]
[BlackTitle "IM"]
[WhiteElo "2517"]
[BlackElo "2416"]
[WhiteFideId "13601903"]
[BlackFideId "13509926"]
[EventDate "2022.12.29"]

1. c4 e6 2. Nf3 f5 3. b3 Nf6 4. Bb2 d5 5. g3 c6 6. Bg2 Bd6 7. O-O O-O 8. d3 Nbd7
9. Nc3 e5 10. cxd5 cxd5 11. Nb5 Bb8 12. Ba3 Re8 13. Nd6 Re6 14. Nxf5 Ra6 15. Bb2
Nf8 16. Ne3 Ng6 17. d4 e4 18. Ne5 Be6 19. f3 Bc7 20. Nxg6 hxg6 21. a3 Qd7 22.
Qd2 Re8 23. Rac1 Bd6 24. b4 Rc6 25. fxe4 Nxe4 26. Bxe4 dxe4 27. d5 Rxc1 28. Rxc1
Bh3 29. Qd4 Be5 30. Qd2 Bd6 31. Nc4 e3 32. Qd4 Bf8 33. Nxe3 Qe7 34. Ng2 Qxe2 35.
Nf4 Qg4 36. Nxh3 Qxh3 37. Rf1 Qd7 38. Qc4 Bd6 39. Qd4 Be5 40. Qd2 Bxb2 41. Qxb2
Qxd5 42. Qf2 a6 43. Qf3 Qxf3 44. Rxf3 Re1+ 45. Kf2 Ra1 46. h4 Kh7 47. Rd3 Kh6
48. Kf3 g5 49. hxg5+ Kxg5 50. Rd5+ Kf6 51. Rd3 Ke5 52. Ke3 b5 53. Kf3 Ra2 54.
Ke3 Ra1 55. Rc3 Ra2 56. Rc5+ Kd6 57. Rc3 Ke5 58. Rc5+ Kd6 59. Rc3 Ke5 60. Rc5+ 1/2-1/2

[Event "World Blitz Women 2022"]
[Site "Almaty KAZ"]
[Date "2022.12.30"]
[Round "12.6"]
[White "Javakhishvili, Lela"]
[Black "Danielian, Elina"]
[Result "1/2-1/2"]
[WhiteTitle "IM"]
[BlackTitle "GM"]
[WhiteElo "2440"]
[BlackElo "2431"]
[WhiteFideId "13601458"]
[BlackFideId "13300210"]
[EventDate "2022.12.29"]

1. Nf3 d5 2. e3 Nf6 3. c4 dxc4 4. Bxc4 e6 5. d4 c5 6. O-O Nc6 7. dxc5 Bd7 8. a3
Bxc5 9. b4 Be7 10. Bb2 O-O 11. Nbd2 a6 12. Qe2 Rc8 13. Rac1 Qc7 14. Bd3 Qb8 15.
Nb3 Rfd8 16. Nc5 Be8 17. h3 Nd7 18. Nxd7 Bxd7 19. Nd4 Nxd4 20. Bxd4 g6 21. Ba1
e5 22. Qb2 f6 23. Bc4+ Kg7 24. Bd5 Bb5 25. Rfd1 Rxc1 26. Qxc1 Bc6 27. Bxc6 Rxd1+
28. Qxd1 bxc6 29. Qd3 Qd6 30. Qxd6 Bxd6 31. Bc3 Kf7 32. e4 Ke6 33. Kf1 f5 34. f3
Bc7 35. Ke2 Bb6 36. Kd3 h5 37. Kc4 fxe4 38. fxe4 Ba7 39. Bd2 Bb6 40. a4 Bd4 41.
Bg5 Ba7 42. Bd2 Bd4 43. Bg5 Ba7 1/2-1/2

[Event "World Blitz Women 2022"]
[Site "Almaty KAZ"]
[Date "2022.12.30"]
[Round "12.7"]
[White "Omonova, Umida"]
[Black "Stefanova, Antoaneta"]
[Result "1/2-1/2"]
[WhiteTitle "WFM"]
[BlackTitle "GM"]
[WhiteElo "2052"]
[BlackElo "2442"]
[WhiteFideId "14210363"]
[BlackFideId "2902257"]
[EventDate "2022.12.29"]

1. e4 e5 2. Nf3 Nc6 3. Bc4 Nf6 4. d3 Bc5 5. O-O a6 6. a4 h6 7. c3 d6 8. Nbd2 O-O
9. h3 Ba7 10. Re1 Ne7 11. Nf1 Ng6 12. Ng3 c6 13. Ba2 Be6 14. d4 Bxa2 15. Rxa2
Re8 16. Ra1 d5 17. exd5 Qxd5 18. dxe5 Qxd1 19. Rxd1 Nxe5 20. Nxe5 Rxe5 21. Bf4
Re6 22. c4 Bc5 23. b3 g5 24. Bd2 Bd4 25. Rac1 c5 26. Bc3 Bxc3 27. Rxc3 Rae8 28.
Rcd3 Kh7 29. Nf5 Kg6 30. Ne3 h5 31. g3 Rb8 32. Nd5 b5 33. Nxf6 Rxf6 34. axb5
axb5 35. Rd5 bxc4 36. bxc4 Rb2 37. Rf1 Rc6 38. Re1 Rc2 39. Re4 Rf6 40. f4 gxf4
41. gxf4 Rf5 42. Rxf5 Kxf5 43. Re5+ Kxf4 44. Rxc5 h4 45. Rh5 Kg3 46. Rg5+ Kxh3
47. c5 Rc1+ 48. Kf2 Kh2 49. Rf5 h3 50. Rxf7 Rxc5 51. Rf8 Rc2+ 52. Kf1 Rc1+ 53.
Kf2 Rg1 54. Rh8 Rg6 55. Rf8 Kh1 56. Rf3 h2 57. Rf8 Rg2+ 58. Kf1 Rg6 59. Rf7 Rb6
60. Rf8 Rb1+ 61. Kf2 Rb2+ 62. Kf1 Rb7 63. Rf6 Rg7 64. Rf8 Rg1+ 65. Kf2 Rg2+ 66.
Kf1 Rb2 67. Rf7 Ra2 68. Rf8 1/2-1/2

[Event "World Blitz Women 2022"]
[Site "Almaty KAZ"]
[Date "2022.12.30"]
[Round "12.8"]
[White "Koneru, Humpy"]
[Black "Mammadzada, Gunay"]
[Result "1-0"]
[WhiteTitle "GM"]
[BlackTitle "IM"]
[WhiteElo "2572"]
[BlackElo "2472"]
[WhiteFideId "5008123"]
[BlackFideId "13403729"]
[EventDate "2022.12.29"]

1. d4 d5 2. c4 c6 3. cxd5 cxd5 4. Nc3 Nf6 5. Nf3 Nc6 6. Bf4 Nh5 7. Bd2 g6 8. e3
Bg7 9. Bd3 O-O 10. Rc1 Bg4 11. O-O e5 12. dxe5 Bxf3 13. Qxf3 Nxe5 14. Qe2 d4 15.
exd4 Qxd4 16. Be4 Nc4 17. Bg5 Rfe8 18. Rfd1 Qc5 19. Rd5 Qb4 20. Rb5 Qd6 21. Qxc4
Rac8 22. Qd3 Qxd3 23. Bxd3 Bxc3 24. bxc3 1-0

[Event "World Blitz Women 2022"]
[Site "Almaty KAZ"]
[Date "2022.12.30"]
[Round "12.9"]
[White "Khotenashvili, Bela"]
[Black "Kosteniuk, Alexandra"]
[Result "0-1"]
[WhiteTitle "GM"]
[BlackTitle "GM"]
[WhiteElo "2485"]
[BlackElo "2520"]
[WhiteFideId "13602640"]
[BlackFideId "4128125"]
[EventDate "2022.12.29"]

1. Nf3 f5 2. c4 Nf6 3. Nc3 g6 4. b4 e6 5. Qb3 Nc6 6. a3 Bg7 7. Bb2 a5 8. b5 Ne7
9. d4 d5 10. e3 Ne4 11. Ne5 O-O 12. Be2 c5 13. Nxe4 fxe4 14. O-O a4 15. Qc2 cxd4
16. exd4 Nf5 17. c5 Qg5 18. Qc1 Qe7 19. Bc3 Qc7 20. Qb2 b6 21. c6 Rd8 22. f3
Bxe5 23. dxe5 d4 24. Bb4 Qxe5 25. fxe4 Qxe4 26. Bf3 Qe3+ 27. Kh1 Re8 28. Rfe1
Qf4 29. Be4 e5 30. Qa2+ Be6 31. Bd5 Bxd5 32. Qxd5+ Kg7 33. Qd7+ Kg8 34. c7 Rac8
35. Rac1 Ne3 36. Bd2 Qf7 37. Qc6 Re7 38. Bxe3 Rexc7 39. Qxb6 dxe3 40. Qxe3 Qd5
41. h3 Rxc1 42. Rxc1 Rxc1+ 43. Qxc1 Qxb5 44. Qc8+ Kg7 45. Qc7+ Kh6 46. Qe7 Qf1+
47. Kh2 Qf4+ 48. Kh1 e4 49. Qb4 Qf1+ 50. Kh2 Qf4+ 51. Kh1 Qc1+ 52. Kh2 Qc7+ 53.
Kh1 Qe5 54. Qf8+ Kh5 55. g4+ Kg5 56. Qd8+ Kf4 57. Qd2+ e3 58. Qh2+ Ke4 59. Qg2+
Kd3 60. Qf1+ e2 61. Qb1+ Kd2 62. Qa2+ Ke3 0-1

[Event "World Blitz Women 2022"]
[Site "Almaty KAZ"]
[Date "2022.12.30"]
[Round "12.10"]
[White "Paehtz, Elisabeth"]
[Black "Druzhinina, Olga"]
[Result "1-0"]
[WhiteTitle "GM"]
[WhiteElo "2464"]
[BlackElo "2245"]
[WhiteFideId "4641833"]
[BlackFideId "4141911"]
[EventDate "2022.12.29"]

1. d4 Nf6 2. Nf3 g6 3. Bg5 Ne4 4. Bf4 d5 5. Nbd2 Nxd2 6. Qxd2 Bg7 7. c3 O-O 8.
Bh6 c5 9. h4 Nd7 10. Bxg7 Kxg7 11. h5 Nf6 12. hxg6 fxg6 13. Qh6+ Kf7 14. Ne5+
Ke8 15. e3 a6 16. Bd3 Be6 17. Bxg6+ hxg6 18. Qxg6+ Bf7 19. Nxf7 Rxf7 20. Rh8+ 1-0

[Event "World Blitz Women 2022"]
[Site "Almaty KAZ"]
[Date "2022.12.30"]
[Round "12.11"]
[White "Munkhzul, Turmunkh"]
[Black "Arabidze, Meri"]
[Result "0-1"]
[WhiteTitle "WIM"]
[BlackTitle "IM"]
[WhiteElo "2318"]
[BlackElo "2427"]
[WhiteFideId "4901878"]
[BlackFideId "13604040"]
[EventDate "2022.12.29"]

1. e4 c5 2. Nf3 e6 3. d4 cxd4 4. Nxd4 Nc6 5. Nc3 Qc7 6. Be3 a6 7. Qd2 Nf6 8.
O-O-O Be7 9. f3 b5 10. g4 Bb7 11. g5 Nh5 12. Nce2 Rc8 13. Nxc6 Bxc6 14. Kb1 f5
15. Bg2 O-O 16. Nd4 f4 17. Bf2 Bxg5 18. Bh3 Be7 19. Rhg1 Bb7 20. Nb3 Bc6 21. Nd4
Kh8 22. Nb3 a5 23. Qxa5 Qb7 24. Bc5 Rf7 25. Bxe7 Rxe7 26. Nc5 Qb8 27. Qb4 Rf7
28. a3 Nf6 29. Rd2 Qa7 30. Nd3 Qxg1+ 31. Ka2 Rff8 32. Ne5 Qb6 33. Rd6 Qc7 34.
Nxc6 dxc6 35. Bxe6 Rcd8 36. Rd3 Rfe8 37. Bb3 Rxd3 38. cxd3 Qe7 39. Qc3 c5 40.
Qa5 Qd7 41. Qb6 Rc8 42. e5 Nd5 43. Qa6 c4 44. dxc4 bxc4 45. Ba4 Qc7 46. Qb5 Nb6
47. Bc2 c3 48. Qd3 Qc4+ 49. Qxc4 Nxc4 50. e6 cxb2 51. Bd3 Nd6 52. Kxb2 Re8 0-1

[Event "World Blitz Women 2022"]
[Site "Almaty KAZ"]
[Date "2022.12.30"]
[Round "12.12"]
[White "Frayna, Janelle Mae"]
[Black "Batsiashvili, Nino"]
[Result "1/2-1/2"]
[WhiteTitle "WGM"]
[BlackTitle "GM"]
[WhiteElo "2265"]
[BlackElo "2493"]
[WhiteFideId "5212499"]
[BlackFideId "13602993"]
[EventDate "2022.12.29"]

1. e4 e5 2. Nf3 Nc6 3. Nc3 Nf6 4. d4 exd4 5. Nxd4 Bc5 6. Be3 Bb6 7. Qd2 O-O 8.
f3 d5 9. Nxc6 bxc6 10. O-O-O Be6 11. e5 Nd7 12. f4 Bg4 13. Be2 Bxe2 14. Nxe2 Qe7
15. Ng3 Rab8 16. Rhe1 Bxe3 17. Rxe3 Nb6 18. b3 Qa3+ 19. Kb1 Nc4 20. Qc3 Nxe3 21.
Qxe3 Rb6 22. Nf5 Ra6 23. Qg3 Qxa2+ 24. Kc1 g6 25. Qg5 Qa3+ 26. Kd2 Qb4+ 27. Kc1
Re8 28. Nh6+ Kf8 29. Qf6 Ra1+ 30. Kb2 Qa3+ 31. Kc3 Qa5+ 32. Kb2 Qa3+ 33. Kc3
Qa5+ 34. Kb2 Qa3+ 35. Kc3 Qa5+ 36. Kb2 Qa3+ 37. Kc3 Qa5+ 1/2-1/2

[Event "World Blitz Women 2022"]
[Site "Almaty KAZ"]
[Date "2022.12.30"]
[Round "12.13"]
[White "Buksa, Nataliya"]
[Black "Zatonskih, Anna"]
[Result "1-0"]
[WhiteTitle "IM"]
[BlackTitle "IM"]
[WhiteElo "2405"]
[BlackElo "2349"]
[WhiteFideId "14123622"]
[BlackFideId "14101572"]
[EventDate "2022.12.29"]

1. d4 d5 2. Nc3 e6 3. Bf4 c5 4. e3 a6 5. Nf3 Nf6 6. Ne5 Be7 7. Be2 Nfd7 8. O-O
O-O 9. a4 Nc6 10. Nxc6 bxc6 11. a5 cxd4 12. exd4 c5 13. dxc5 Nxc5 14. b4 Nb7 15.
Rb1 Bd7 16. Bd3 Nd6 17. Qe2 Nc4 18. Bxc4 dxc4 19. Qxc4 Qc8 20. Qd3 Bf6 21. Ne4
Bb5 22. Nxf6+ gxf6 23. Qg3+ Kh8 24. Qh4 Qc3 25. Rb3 1-0

[Event "World Blitz Women 2022"]
[Site "Almaty KAZ"]
[Date "2022.12.30"]
[Round "12.14"]
[White "Kamalidenova, Meruert"]
[Black "Osmak, Yuliia"]
[Result "1-0"]
[WhiteTitle "WIM"]
[BlackTitle "IM"]
[WhiteElo "2377"]
[BlackElo "2451"]
[WhiteFideId "13712802"]
[BlackFideId "14101602"]
[EventDate "2022.12.29"]

1. e4 Nc6 2. d4 d5 3. e5 Bf5 4. c3 e6 5. Bb5 f6 6. Nf3 a6 7. Bxc6+ bxc6 8. O-O
Bg4 9. Re1 fxe5 10. Rxe5 Bd6 11. Re1 Qf6 12. Nbd2 Ne7 13. h3 Bh5 14. Qe2 Bf7 15.
Nf1 h6 16. c4 dxc4 17. N1d2 Bb4 18. a3 Bxd2 19. Bxd2 O-O 20. Ne5 Rad8 21. Qxc4
Bh5 22. f3 Nd5 23. Qxc6 Rd6 24. Qc4 Kh8 25. Rad1 Rfd8 26. Bb4 Rb6 27. Bc3 Rbd6
28. Qe2 Nf4 29. Qf2 Qg5 30. Kh1 Rf8 31. Bd2 Qf6 32. Be3 Nd5 33. b4 a5 34. bxa5
Ra8 35. Bd2 Qf5 36. Bb4 Rdd8 37. g4 Qg5 38. gxh5 Qxh5 39. Qg3 Rg8 40. Qg4 Qe8
41. Ng6+ Kh7 42. Ne5 Nf6 43. Qg2 Nd5 44. Qc2+ Kh8 45. Ng6+ Kh7 46. Nf8+ 1-0

[Event "World Blitz Women 2022"]
[Site "Almaty KAZ"]
[Date "2022.12.30"]
[Round "12.15"]
[White "Fataliyeva, Ulviyya"]
[Black "Gong, Qianyun"]
[Result "0-1"]
[WhiteTitle "IM"]
[BlackTitle "WGM"]
[WhiteElo "2428"]
[BlackElo "2299"]
[WhiteFideId "13403052"]
[BlackFideId "8602425"]
[EventDate "2022.12.29"]

1. d4 d5 2. Nc3 Nf6 3. Bf4 e6 4. e3 Bb4 5. a3 Bxc3+ 6. bxc3 O-O 7. Bd3 c5 8. c4
cxd4 9. exd4 dxc4 10. Bxc4 Nc6 11. Nf3 Nd5 12. Bg5 Qc7 13. Bd3 f6 14. Bd2 Nf4
15. Bxf4 Qxf4 16. O-O e5 17. d5 Ne7 18. d6 Nc6 19. Qe2 Bg4 20. c3 Rad8 21. Bc4+
Kh8 22. Rad1 e4 23. Qd2 Qxd2 24. Nxd2 Bxd1 25. Rxd1 Rxd6 26. Kf1 Rfd8 27. Ke2 f5
28. f3 Ne5 29. Bb3 exf3+ 30. gxf3 Nd3 31. Rg1 Nf4+ 32. Ke3 Rxd2 33. Kxf4 g6 34.
h4 Kg7 35. Re1 R8d7 36. Re8 Rb2 37. Be6 Rc7 38. Rg8+ Kh6 39. c4 Ra2 40. Rf8 Rxa3
41. h5 Re7 42. Bd5 Kxh5 43. Rb8 b6 44. Rh8 Kh6 45. Rf8 Ra1 46. Bg8 Rd1 47. Bd5
Rd4+ 48. Kg3 a5 49. Rf6 a4 50. Rxb6 Ra7 51. Bg8 a3 52. c5 a2 53. Bxa2 Rxa2 54.
c6 Rc2 0-1

[Event "World Blitz Women 2022"]
[Site "Almaty KAZ"]
[Date "2022.12.30"]
[Round "12.16"]
[White "Bivol, Alina"]
[Black "Khamdamova, Afruza"]
[Result "0-1"]
[WhiteTitle "IM"]
[BlackTitle "WFM"]
[WhiteElo "2364"]
[BlackElo "2139"]
[WhiteFideId "4100123"]
[BlackFideId "14210444"]
[EventDate "2022.12.29"]

1. e4 e5 2. Nf3 Nf6 3. Nc3 Nc6 4. g3 d5 5. exd5 Nxd5 6. Bg2 Bc5 7. O-O Nxc3 8.
bxc3 O-O 9. d3 h6 10. Rb1 Rb8 11. h3 Be6 12. a4 Re8 13. Kh2 Qd7 14. Nh4 Bd5 15.
Bxd5 Qxd5 16. Nf5 Ne7 17. Ne3 Qc6 18. Qg4 Rbd8 19. Nc4 f5 20. Qh5 Qe6 21. Rxb7
c6 22. Be3 Bxe3 23. fxe3 e4 24. Rf2 Rf8 25. Qe2 Nd5 26. Rxa7 Nxc3 27. Qf1 Nd5
28. d4 Rd7 29. Rxd7 Qxd7 30. Ne5 Qe6 31. Qe1 c5 32. c4 Nb6 33. Qe2 Nxa4 34. g4
Nc3 35. Qf1 cxd4 36. exd4 e3 37. Rc2 Ne4 38. Qf3 Ng5 39. Qxe3 fxg4 40. Nxg4 Qd6+
41. Qg3 Nf3+ 42. Kg2 Qxg3+ 43. Kxg3 Nxd4 44. Rb2 Rf3+ 45. Kg2 Rc3 46. Ne5 Ne6
47. Rb7 Nc5 48. Rc7 Ne6 49. Rc8+ Kh7 50. Re8 Nf4+ 51. Kf2 Nxh3+ 52. Ke2 Ng5 53.
Kd2 Ne4+ 54. Ke2 h5 55. Re6 h4 56. Kf1 h3 57. Nf3 Rxf3+ 58. Ke2 Ng5 59. Re5 Rg3
60. c5 h2 0-1

[Event "World Blitz Women 2022"]
[Site "Almaty KAZ"]
[Date "2022.12.30"]
[Round "12.17"]
[White "Tokhirjonova, Gulrukhbegim"]
[Black "Injac, Teodora"]
[Result "1-0"]
[WhiteTitle "WGM"]
[BlackTitle "WGM"]
[WhiteElo "2328"]
[BlackElo "2365"]
[WhiteFideId "14203626"]
[BlackFideId "932400"]
[EventDate "2022.12.29"]

1. e4 e5 2. Nf3 Nc6 3. d4 exd4 4. Nxd4 Bc5 5. Nb3 Bb6 6. Qe2 d6 7. Nc3 a5 8. Be3
a4 9. Bxb6 axb3 10. Be3 bxa2 11. Rxa2 Rxa2 12. Nxa2 Nge7 13. g3 O-O 14. Bg2 f5
15. O-O fxe4 16. Bxe4 Bf5 17. Bg2 Kh8 18. h3 Qd7 19. Kh2 Be6 20. Nc3 Nf5 21. Re1
Nxe3 22. Qxe3 Bf5 23. Re2 h6 24. f4 Bg6 25. Nd5 Re8 26. Qd2 Rxe2 27. Qxe2 Nd4
28. Qc4 Nxc2 29. Qxc7 Qxc7 30. Nxc7 b6 31. g4 Ne3 32. Bc6 Kg8 33. Na8 Nc4 34.
Bd5+ Bf7 35. Bxc4 Bxc4 36. Nxb6 Bb3 37. Kg3 Kf7 38. f5 g6 39. fxg6+ Kxg6 40. Kf4
Kf6 41. h4 Bf7 42. b4 Be8 43. Nd5+ Kg7 44. Nc7 Bc6 45. b5 Bb7 46. b6 Kf6 47. g5+
hxg5+ 48. hxg5+ Kg6 49. Ne8 d5 50. Nd6 Bc6 51. Nb5 Bb7 52. Nd4 Bc8 53. Nf3 Kf7
54. Ke5 Bb7 55. Nh4 Ke7 56. Nf5+ Kf8 57. Nd6 Ba6 58. Kxd5 Kg7 59. Ke5 Kg6 60.
Kf4 1-0

[Event "World Blitz Women 2022"]
[Site "Almaty KAZ"]
[Date "2022.12.30"]
[Round "12.18"]
[White "Girya, Olga"]
[Black "Balabayeva, Xeniya"]
[Result "1-0"]
[WhiteTitle "GM"]
[BlackTitle "WIM"]
[WhiteElo "2398"]
[BlackElo "2183"]
[WhiteFideId "4195752"]
[BlackFideId "13719688"]
[EventDate "2022.12.29"]

1. d4 d5 2. Nf3 Nf6 3. c4 e6 4. Nc3 c5 5. cxd5 cxd4 6. Qa4+ Bd7 7. Qxd4 exd5 8.
Bg5 Nc6 9. Bxf6 Nxd4 10. Bxd8 Nxf3+ 11. exf3 Rxd8 12. O-O-O Bc6 13. Bb5 d4 14.
Rhe1+ Be7 15. Bxc6+ bxc6 16. Na4 f6 17. Re4 d3 18. Re3 Rd4 19. b3 Kf7 20. Rexd3
Rxd3 21. Rxd3 Ke6 22. Kc2 Rc8 23. Nb2 Rb8 24. Nc4 Rb5 25. a4 Rg5 26. g3 Rh5 27.
h4 g5 28. Re3+ Kd7 29. Rd3+ Kc7 30. hxg5 Rxg5 31. f4 Rh5 32. Re3 Kd7 33. Nb2 Rh2
34. Re2 Bc5 35. Nd3 Bd4 36. b4 h5 37. Kb3 a6 38. Kc4 Bb6 39. Nc5+ Bxc5 40. Kxc5
Rh1 41. Kb6 Rb1 42. Rd2+ Ke7 43. Rd4 Ke6 44. Kxc6 Ra1 45. a5 Kf5 46. Kb6 Ra2 47.
Kxa6 Rxf2 48. b5 Rf3 49. b6 Rxg3 50. Rb4 h4 51. b7 Rg8 52. b8=Q Rxb8 53. Rxb8
Kxf4 54. Rh8 Kg3 55. Kb5 f5 56. a6 f4 57. a7 1-0

[Event "World Blitz Women 2022"]
[Site "Almaty KAZ"]
[Date "2022.12.30"]
[Round "12.19"]
[White "Nurgali, Nazerke"]
[Black "Tania, Sachdev"]
[Result "0-1"]
[WhiteTitle "WIM"]
[BlackTitle "IM"]
[WhiteElo "2168"]
[BlackElo "2389"]
[WhiteFideId "13711261"]
[BlackFideId "5007844"]
[EventDate "2022.12.29"]

1. d4 Nf6 2. Nf3 e6 3. c4 b6 4. Nc3 Bb7 5. Bg5 Be7 6. e3 d5 7. cxd5 exd5 8. Bd3
O-O 9. O-O c5 10. Rc1 Nbd7 11. Qe2 Ne4 12. Bf4 Ndf6 13. Rfd1 Nxc3 14. Rxc3 c4
15. Bb1 b5 16. Rcc1 a5 17. Ne5 Qb6 18. Bg5 Rad8 19. Qf3 Bc8 20. h3 Qd6 21. Bf4
Qb6 22. g4 Be6 23. Bg3 Ne4 24. Bxe4 dxe4 25. Qxe4 Bd5 26. Qc2 f6 27. e4 fxe5 28.
exd5 exd4 29. Qe4 Bc5 30. d6 d3 31. Rd2 Bxd6 32. Bh4 Rde8 33. Qd5+ Kh8 34. Qh5
Bf4 0-1

[Event "World Blitz Women 2022"]
[Site "Almaty KAZ"]
[Date "2022.12.30"]
[Round "12.20"]
[White "Padmini, Rout"]
[Black "Kurmangaliyeva, Liya"]
[Result "1-0"]
[WhiteTitle "IM"]
[BlackTitle "FM"]
[WhiteElo "2389"]
[BlackElo "2287"]
[WhiteFideId "5029295"]
[BlackFideId "13725831"]
[EventDate "2022.12.29"]

1. e4 c5 2. Nf3 e6 3. d4 cxd4 4. Nxd4 Nc6 5. Nc3 a6 6. Nxc6 bxc6 7. Bd3 d5 8.
O-O Qc7 9. Re1 Bb7 10. Ne2 Bd6 11. Ng3 Nf6 12. exd5 cxd5 13. Bg5 Nd7 14. c3 h6
15. Be3 O-O 16. Bxh6 gxh6 17. Nh5 f5 18. Rxe6 Ne5 19. Rxh6 Nxd3 20. Qxd3 Be5 21.
Qh3 Rf7 22. Re1 Bg7 23. Rg6 d4 24. Nxg7 Rxg7 25. Qxf5 Rxg6 26. Qxg6+ Kh8 27.
Qf6+ Kg8 28. Re5 Qf7 29. Rg5+ Kf8 30. Qd6+ Qe7 31. Rg8+ Kxg8 32. Qxe7 Rb8 33.
Qc7 Re8 34. h4 dxc3 35. bxc3 Be4 36. Qc4+ Kg7 37. Qxa6 Bg6 38. Qa7+ Kh6 39. Qd4
Re4 40. Qh8+ Bh7 41. Qf6+ Bg6 42. f3 Re2 43. g4 Rxa2 44. h5 1-0

[Event "World Blitz Women 2022"]
[Site "Almaty KAZ"]
[Date "2022.12.30"]
[Round "12.21"]
[White "Enkhtuul, Altan-Ulzii"]
[Black "Maltsevskaya, Aleksandra"]
[Result "0-1"]
[WhiteTitle "WGM"]
[BlackTitle "IM"]
[WhiteElo "2285"]
[BlackElo "2400"]
[WhiteFideId "4901444"]
[BlackFideId "24174041"]
[EventDate "2022.12.29"]

1. Nf3 Nf6 2. d4 g6 3. g3 Bg7 4. Bg2 O-O 5. O-O d6 6. c4 Nbd7 7. Nc3 e5 8. dxe5
dxe5 9. Bg5 h6 10. Bxf6 Qxf6 11. Nd5 Qd8 12. Nd2 c6 13. Nc3 Qe7 14. Nde4 f5 15.
Nd6 Rd8 16. Nxc8 Raxc8 17. Qb3 Nf6 18. Rad1 Kh7 19. Qa4 a6 20. Qa5 e4 21. Rxd8
Rxd8 22. Rd1 Rd7 23. Qb6 Ng4 24. h3 Ne5 25. Qb3 h5 26. a3 h4 27. Rxd7 Qxd7 28.
gxh4 Qd2 29. c5 Qe1+ 30. Bf1 e3 31. fxe3 Qg3+ 32. Kh1 Qxe3 33. Qd1 Qg3 34. e4
Nf3 35. Qe2 Qg1# 0-1

[Event "World Blitz Women 2022"]
[Site "Almaty KAZ"]
[Date "2022.12.30"]
[Round "12.22"]
[White "Ovod, Evgenija"]
[Black "Gaponenko, Inna"]
[Result "1/2-1/2"]
[WhiteTitle "IM"]
[BlackTitle "IM"]
[WhiteElo "2323"]
[BlackElo "2341"]
[WhiteFideId "4131827"]
[BlackFideId "14101181"]
[EventDate "2022.12.29"]

1. e4 c5 2. Nf3 g6 3. d4 cxd4 4. Qxd4 Nf6 5. e5 Nc6 6. Qh4 Nd5 7. Bd2 Bg7 8. Nc3
Nc7 9. O-O-O Ne6 10. Bc4 Nxe5 11. Nxe5 Bxe5 12. Bxe6 dxe6 13. Bg5 Bd7 14. Qe4
Bxc3 15. bxc3 Qa5 16. Bh6 O-O-O 17. Kb2 Bc6 18. Qf4 f6 19. f3 Rd5 20. Rxd5 Bxd5
21. a3 Qb5+ 22. Qb4 Qxb4+ 23. cxb4 b5 24. Be3 Kb7 25. Bc5 Rc8 26. Bxe7 f5 27.
Bc5 a6 28. Re1 a5 29. Re2 a4 30. f4 Kc6 31. g3 Rd8 32. Kc3 Rd7 33. Rd2 h6 34. h4
Rg7 35. Bd4 Rg8 36. Bc5 g5 37. hxg5 hxg5 38. Kd4 gxf4 39. gxf4 Rg3 40. Rd3 Rg2
41. Rc3 Kd7 42. Ke5 Re2+ 43. Kf6 Re4 44. Rg3 Rxf4 45. Rg7+ Kc6 46. Ke7 Rf2 47.
Rg8 Bc4 48. Rd8 Rxc2 49. Rd6+ Kc7 50. Rd7+ Kc6 51. Rd6+ Kc7 52. Rd7+ 1/2-1/2

[Event "World Blitz Women 2022"]
[Site "Almaty KAZ"]
[Date "2022.12.30"]
[Round "12.23"]
[White "Abdumalik, Zhansaya"]
[Black "Gvetadze, Sofio"]
[Result "1-0"]
[WhiteTitle "GM"]
[BlackTitle "IM"]
[WhiteElo "2496"]
[BlackElo "2298"]
[WhiteFideId "13703544"]
[BlackFideId "13601440"]
[EventDate "2022.12.29"]

1. e4 c5 2. Nf3 g6 3. d4 cxd4 4. Nxd4 Nc6 5. Nb3 Bg7 6. Nc3 Nf6 7. g3 O-O 8. Bg2
d6 9. O-O Bg4 10. f3 Bd7 11. h3 a5 12. a4 Rc8 13. f4 Qb6+ 14. Kh2 Be6 15. Re1
Rfd8 16. Nd5 Qa7 17. Be3 Qb8 18. Bb6 Re8 19. Nxa5 Nd7 20. Nc4 Na7 21. Nce3 Nxb6
22. Nxb6 Bxb2 23. Nxc8 Bxa1 24. Nxe7+ Rxe7 25. Qxa1 Qc8 26. f5 gxf5 27. exf5 Bd7
28. Qf6 Re5 29. Rd1 Rxe3 30. Qg5+ Kf8 31. Qxe3 Bxf5 32. Qxa7 1-0

[Event "World Blitz Women 2022"]
[Site "Almaty KAZ"]
[Date "2022.12.30"]
[Round "12.24"]
[White "Mikheeva, Galina"]
[Black "Ushenina, Anna"]
[Result "0-1"]
[WhiteTitle "WFM"]
[BlackTitle "GM"]
[WhiteElo "1969"]
[BlackElo "2454"]
[WhiteFideId "44108320"]
[BlackFideId "14110911"]
[EventDate "2022.12.29"]

1. e4 c5 2. Nf3 e6 3. g3 Nc6 4. Bg2 Nf6 5. Qe2 e5 6. O-O Be7 7. c3 O-O 8. Na3
Re8 9. Nc4 Bf8 10. Re1 h6 11. d3 d5 12. exd5 Nxd5 13. a4 Nb6 14. Ne3 a5 15. Nc4
Nxc4 16. dxc4 e4 17. Nd2 Bf5 18. Nf1 Ne5 19. Ne3 Bg6 20. Rd1 Nd3 21. Nd5 Ra6 22.
Be3 Qc8 23. Nf4 Bh7 24. Nxd3 exd3 25. Qd2 Rd6 26. Re1 Rde6 27. f4 Qc7 28. Bf3
Bf5 29. Bf2 Qb6 30. Rxe6 Bxe6 31. Re1 Rd8 32. Be4 Bxc4 33. Bf5 Qb3 34. Ra1 Qb6
35. Re1 g6 36. Be4 Qb3 37. Ra1 Bg7 38. Bf3 Qc2 39. Rd1 Qxa4 40. Bxb7 Qb5 41. Bf3
a4 42. Ra1 Rb8 43. Qd1 Bb3 44. Qd2 Bc2 45. Ra2 Qb3 46. Ra3 Qxb2 47. Bxc5 Re8 48.
Kf2 Qb5 49. Bd4 Bxd4+ 50. cxd4 Qb2 51. Rxa4 Rb8 52. Ra7 Qxd4+ 53. Qe3 Qb2 54.
Bd5 Bb3+ 55. Kg1 Bxd5 56. Qxd3 Be6 57. Qd6 Rc8 58. Qe7 Rc1# 0-1